| 000 | 00804nas a2200277 4500 | ||
|---|---|---|---|
| 001 | BR9502147 | ||
| 003 | BR-BrBNA | ||
| 005 | 20231205093948.0 | ||
| 007 | ta | ||
| 008 | 230509b bl.|||p| |||| 00| 00por d | ||
| 040 |
_aBR-BrBNA _bpor _cBiblioteca Nacional de Agricultura |
||
| 041 | _a(Pt) | ||
| 072 | _aF30; H20 | ||
| 100 | 1 | _aAssis, J.G. de | |
| 100 | 1 | _aAraujo, S.M.C. de | |
| 100 | 1 | _aQueiroz, M.A. de | |
| 245 | 1 | _aHibridacao entre cultivares e uma populacao silvestre de melancia | |
| 650 | _aMelancia | ||
| 650 | _aSemente | ||
| 650 | _aHibridacao | ||
| 650 | _aOidio | ||
| 650 | _aVariedade Resistente | ||
| 773 | 0 |
_tHorticultura Brasileira (Brazil) _xISSN 0102-0536 _g(May 1994), v. 12(1) p. 10-13 _wBR9502147 |
|
| 909 |
_a202311 _bLúcia _c55 _dLúcia Elande |
||
| 942 |
_2AGRIS _n0 _cANA |
||
| 999 |
_c141323 _d141323 |
||